| 000 | 00740nam a2200193 a 4500 | ||
|---|---|---|---|
| 008 | 120416s1997 ||||||||||||||||| || u | ||
| 020 | _a0521435323 | ||
| 050 | _aQC 173.55 Hey | ||
| 100 | _aHey, Tony | ||
| 245 | 1 | 0 | _aEinstein's mirror |
| 260 |
_aCambridge _bCambridge University Press _c1997 |
||
| 350 | _a0.00 | ||
| 650 | _aGRAVITATION | ||
| 650 | _aCOSMOLOGY | ||
| 650 | 0 | _aPHYSICS | |
| 650 | _aRelativity (Physics) | ||
| 995 |
_aBINDERY (DAMAGED) _D0.00 _e733574 _FCBU-MAIN LIBRARY (Kitwe) _H1 _I0.00 _jQC 173.55 Hey _M1 _UDAMAGED _y45407 _ZMain Library Open Access Collection |
||
| 995 |
_aBINDERY (DAMAGED) _D0.00 _e730514 _FCBU-MAIN LIBRARY (Kitwe) _H2 _I0.00 _jQC 173.55 Hey _UDAMAGED _WJun 2, 2006 _y027402 _ZMain Library Open Access Collection |
||
| 999 |
_c75778 _d75778 |
||